Japanese Groups of Things - Statistics

General Stats
  • This quiz has been taken 41 times
  • The average score is 19 of 36
Answer Stats
Categories Answer % Correct
Japanese cities > 1,000,000 Tokyo
100%
Japanese cities > 1,000,000 Hiroshima
97%
Japanese cities destroyed by atomic bomb during WWII Hiroshima
97%
Japanese cities destroyed by atomic bomb during WWII Nagasaki
92%
Tallest mountains Mount Fuji
86%
Japanese cities > 1,000,000 Osaka
86%
Most common religions Buddhism
83%
Major Japanese islands Hokkaido
83%
Regions of Japan Hokkaido
83%
Japanese cities > 1,000,000 Kyoto
81%
Regions of Japan Kyushu/Okinawa
75%
Most common religions Shintoism
69%
Major Japanese islands Honshu
67%
Japanese cities > 1,000,000 Yokohama
67%
Major Japanese islands Kyushu
61%
Bodies of water Sea of Japan
61%
Japanese cities > 1,000,000 Sapporo
58%
Major Japanese islands Shikoku
58%
Regions of Japan Shikoku
58%
Bodies of water Pacific Ocean
56%
Japanese cities > 1,000,000 Kobe
50%
Japanese cities > 1,000,000 Nagoya
50%
Bodies of water East China Sea
39%
Japanese cities > 1,000,000 Fukuoka
36%
Regions of Japan Kanto
31%
Japanese cities > 1,000,000 Saitama
31%
Japanese cities > 1,000,000 Sendai
28%
Japanese cities > 1,000,000 Chiba
25%
Regions of Japan Chiba
25%
Regions of Japan Kansai/Kinki
25%
Regions of Japan Chugoku
19%
Regions of Japan Tohoku
19%
Japanese cities > 1,000,000 Kawasaki
17%
Tallest mountains Mount Kita
14%
Bodies of water Bering Sea
11%
Bodies of water Shibuyan Sea
0%
No matching quizzes found
Score Distribution
Percent of People with Each Score
Percentile by Number Answered
Your Score History
You have not taken this quiz